000 01150cam a22003494a 4500
001 16148344
003 OSt
005 20211111114316.0
008 100323s2010 nyua b 001 0 eng
010 _a 2010009182
015 _aGBB032934
_2bnb
016 7 _a015499207
_2Uk
020 _a9780071606219 (alk. paper)
035 _a(OCoLC)ocn466354638
038 _aKhadija
040 _aDLC
_cDLC
_dYDX
_dUKM
_dBTCTA
_dYDXCP
_dDPL
_dQBX
_dVP@
_dDLC
050 0 0 _aTL437.5.E44
_bS595 2010
082 0 0 _a629.2272
_222
_bSLI
100 1 _aSlinn, Matthew.
_983886
245 1 0 _aBuild your own electric bicycle /
_cMatthew Slinn.
260 _aNew York :
_bMcGraw-Hill,
_cc2010.
300 _axiii, 258 p. :
_bill. ;
_c24 cm.
490 1 _aTAB green guru guides
504 _aIncludes bibliographical references (p. 245) and index.
563 _aPB
650 0 _aElectric bicycles.
_983887
650 0 _aHome-built motorcycles.
_983888
830 0 _aTAB green guru guides.
_983845
906 _a7
_bcbc
_corignew
_d1
_eecip
_f20
_gy-gencatlg
942 _2ddc
_cBK
999 _c32867
_d32867